<?xml version="1.0" encoding="UTF-8"?>
<record
    xmlns:xsi="http://www.w3.org/2001/XMLSchema-instance"
    xsi:schemaLocation="http://www.loc.gov/MARC21/slim http://www.loc.gov/standards/marcxml/schema/MARC21slim.xsd"
    xmlns="http://www.loc.gov/MARC21/slim">

  <leader>00524nam a22001337a 4500</leader>
  <controlfield tag="008">230503b        |||||||| |||| 00| 0 eng d</controlfield>
  <datafield tag="040" ind1=" " ind2=" ">
    <subfield code="a">National Science Library</subfield>
    <subfield code="c">National Science Library</subfield>
  </datafield>
  <datafield tag="080" ind1=" " ind2=" ">
    <subfield code="a">I 681.78.015.2(048.1) </subfield>
    <subfield code="b">M0</subfield>
  </datafield>
  <datafield tag="245" ind1=" " ind2=" ">
    <subfield code="a">Symposium on infrared technology and instrumentation: </subfield>
    <subfield code="b">Programme &amp; abstracts </subfield>
    <subfield code="c">/ Bhabha Atomic Research Centre, Bombay, March 5-7, 1980 </subfield>
  </datafield>
  <datafield tag="260" ind1=" " ind2=" ">
    <subfield code="a">India: </subfield>
    <subfield code="b">Electronic &amp; Instrumentation Committee, </subfield>
    <subfield code="c">1980</subfield>
  </datafield>
  <datafield tag="650" ind1=" " ind2=" ">
    <subfield code="a">Industries </subfield>
  </datafield>
  <datafield tag="653" ind1=" " ind2=" ">
    <subfield code="a">Safranine </subfield>
  </datafield>
  <datafield tag="942" ind1=" " ind2=" ">
    <subfield code="2">udc</subfield>
    <subfield code="c">SYM</subfield>
  </datafield>
  <datafield tag="999" ind1=" " ind2=" ">
    <subfield code="c">26553</subfield>
    <subfield code="d">26553</subfield>
  </datafield>
  <datafield tag="952" ind1=" " ind2=" ">
    <subfield code="0">0</subfield>
    <subfield code="1">0</subfield>
    <subfield code="4">0</subfield>
    <subfield code="6">I_6817801520481_M0</subfield>
    <subfield code="7">0</subfield>
    <subfield code="8">REF</subfield>
    <subfield code="9">39036</subfield>
    <subfield code="a">NSL</subfield>
    <subfield code="b">NSL</subfield>
    <subfield code="c">GF/Rk-21/C-9/R-6</subfield>
    <subfield code="d">1980-07-07</subfield>
    <subfield code="l">0</subfield>
    <subfield code="o">I 681.78.015.2(048.1) M0</subfield>
    <subfield code="p">90415</subfield>
    <subfield code="r">2023-05-03 00:00:00</subfield>
    <subfield code="w">1980-07-07</subfield>
    <subfield code="y">SYM</subfield>
  </datafield>
</record>
